000 00484pab a2200193 454500
008 180718b2010 xxu||||| |||| 00| 0 eng d
100 _aKashyan, Lina
245 _aTraining family counsellors in contemporary India
260 _c2010
300 _ap.133-44.
362 _aApr
650 _aFamily - India
650 _aTraining - India
650 _aCounselling - India
650 _aCounselling
773 _aIndian Journal of Social Work
908 _aN
909 _a87035
999 _c87035
_d87035